000 00586nam a22002297a 4500
003 UA-OsUOA
001 47013
007 ta
008 20070709b un ||||| |||| 00| 0 ukr d
100 _aКёлер К.Х.
090 _a7.072.3
_bК37
942 _cBK
040 _aUA-OsUOA
_brus
_cUA-OsUOA
_dUA-OsUOA
245 _a"... прожить тысячу жизней!"
300 _a253 с.
955 _a4
041 _arus
080 _a7.072.3
260 _aМ.
_bМузыка
_c1983
650 7 _a7.0 Загальні питання мистецтва
_2UDC
999 _c333118
_d333118